00409nam a2200157Ia 4500003000400000008004100004040001600045082001300061100002500074245003800099260004200137300001000179490002500189650001500214650002200229GCL140319s9999 xx 000 0 eng d aGCL / cGCL04a843bM E1 aDE MONTAIGNE, MICHEL10aESSAIS 1 / cDE MONTAIGNE, MICHEL a[S.N] : bLE LIVRE DE POCHE ، c1994 a607 p aLE LIVRE DE POCHEv004aLITERATURE04aFRENCH LITERATURE